000 00845cam a22002771a 4500
001 sa 67006800
003 DLC
005 20260227112410.0
008 711102s1966 ii b 000 0 eng
010 _asa 67006800
025 _aPL480: I-E-8772
035 _a(OCoLC)167836
040 _aDLC
_cOAU
_dWU
_dDLC
042 _apremarc
050 0 0 _aHN686
_b.D4 1966
100 1 _aDesai, Akshayakumar Ramanlal.
245 1 0 _aSocial background of Indian nationalism /
_c[by] A. R. Desai.
250 _a[4th ed]
260 _aBombay :
_bPopular Prakashan,
_c[1966]
300 _axix, 461 p. ;
_c23 cm.
500 _aBased on the author's Ph. D. thesis, Bombay University, 1945.
504 _aBibliography: p. [443] - 451.
651 0 _aIndia
_xSocial conditions.
651 0 _aIndia
_xEconomic conditions.
650 0 _aNationalism
_zIndia.
999 _c76167
_d76167